000 00503nam a2200145 i 4500
001 146700
003 ES-MaACL
007 t|
008 070914s1981 sp ||||1| spa d
245 0 0 _aTres Mil a.c.-408 p.c.
_b: El mundo de la antigüedad /
_cJosé Fernández Ubiña, Josefa Gasull, Cristóbal González Román.
260 _a[Barcelona :
_bLas Edic. del Tiempo,
_c1981]
300 _a343 p. :
_bil. ;
_c39 cm.
700 1 _aFernández Ubiña, José.
_950130
852 _aES-MaACL
_jL-732
_bR.101491
999 _c146700
_d146700